[Event "Mittelfranken-chTB1 1819"]
[Site "Mittelfranken"]
[Date "2019.03.17"]
[Round "7.2"]
[White "Platz, Stephan"]
[Black "Wittmann, Karl"]
[Result "0-1"]
[WhiteElo "1839"]
[BlackElo "2066"]
[PlyCount "110"]
[EventDate "2018.10.14"]
[EventType "team-tourn"]
[EventRounds "9"]
[EventCountry "GER"]
[SourceTitle "EXT 2022"]
[Source "ChessBase"]
[SourceDate "2021.10.06"]
[SourceVersion "1"]
[SourceVersionDate "2021.10.06"]
[SourceQuality "1"]
[WhiteTeam "Heideck/Hilpoltstein"]
[BlackTeam "Fuerth SG"]
[WhiteTeamCountry "GER"]
[BlackTeamCountry "GER"]

1. d4 d5 2. c4 e6 3. Nc3 Nf6 4. Bg5 Be7 5. e3 0-0 6. Nf3 c6 7. Qc2 Nbd7 8. Rc1 Re8 9. Bd3 dxc4 10. Bxc4 b5 11. Bd3 Bb7 12. a3 a5 13. Ne4 Nxe4 14. Bxe7 Qxe7 15. Bxe4 g6 16. h4 e5 17. h5 exd4 18. hxg6 fxg6 19. Bxg6 hxg6 20. Nxd4 Qf6 21. Qb3+ Kg7 22. Rh3 Ne5 23. f4 Nc4 24. Rxc4 Rad8 25. Ne2 bxc4 26. Qxb7+ Re7 27. Qb6 Rd5 28. Qb8 Rh5 29. Rxh5 gxh5 30. Qb6 Qh4+ 31. g3 Qh1+ 32. Kf2 Qd5 33. Qd4+ Qxd4 34. Nxd4 Rb7 35. Nxc6 Rxb2+ 36. Ke1 c3 37. Kd1 a4 38. Nd4 Rd2+ 39. Kc1 Rg2 40. e4 Kf7 41. Nf5 Re2 42. Kb1 Rh2 43. Nd4 Rg2 44. Nf5 Ke8 45. Ng7+ Kd7 46. Nxh5 Kc6 47. f5 Kb5 48. Nf4 Rxg3 49. Kc2 Kc4 50. f6 Rf3 51. Nd5 Rf2+ 52. Kc1 Kb3 53. Ne3 Rxf6 54. Nd1 Rf1 55. e5 c2 0-1

[Event "Mittelfranken-chTB1 1819"]
[Site "Mittelfranken"]
[Date "2019.02.10"]
[Round "5.2"]
[White "Platz, Stephan"]
[Black "Pannek, Matthias"]
[Result "1/2-1/2"]
[WhiteElo "1839"]
[BlackElo "1928"]
[PlyCount "47"]
[EventDate "2018.10.14"]
[EventType "team-tourn"]
[EventRounds "9"]
[EventCountry "GER"]
[SourceTitle "EXT 2022"]
[Source "ChessBase"]
[SourceDate "2021.10.06"]
[SourceVersion "1"]
[SourceVersionDate "2021.10.06"]
[SourceQuality "1"]
[WhiteTeam "Heideck/Hilpoltstein"]
[BlackTeam "Nuernberg SK 1911"]
[WhiteTeamCountry "GER"]
[BlackTeamCountry "GER"]

1. d4 Nf6 2. c4 g6 3. Nc3 d5 4. e3 Bg7 5. Nf3 0-0 6. Bd3 Nc6 7. a3 Na5 8. c5 a6 9. 0-0 b6 10. b4 Nc6 11. cxb6 cxb6 12. Bb2 Re8 13. b5 Na5 14. Ne5 Nd7 15. f4 Nxe5 16. fxe5 e6 17. Qe2 axb5 18. Nxb5 Ba6 19. Nd6 Bxd3 20. Qxd3 Re7 21. Rac1 Nb7 22. Nb5 Na5 23. Nd6 Nb7 24. Nb5 1/2-1/2

[Event "Mittelfranken-chTB1 1819"]
[Site "Mittelfranken"]
[Date "2018.11.04"]
[Round "2.2"]
[White "Fiedler, Lars"]
[Black "Platz, Stephan"]
[Result "1/2-1/2"]
[WhiteElo "1989"]
[BlackElo "1839"]
[PlyCount "71"]
[EventDate "2018.10.14"]
[EventType "team-tourn"]
[EventRounds "9"]
[EventCountry "GER"]
[SourceTitle "EXT 2022"]
[Source "ChessBase"]
[SourceDate "2021.10.06"]
[SourceVersion "1"]
[SourceVersionDate "2021.10.06"]
[SourceQuality "1"]
[WhiteTeam "Lauf SV"]
[BlackTeam "Heideck/Hilpoltstein"]
[WhiteTeamCountry "GER"]
[BlackTeamCountry "GER"]

1. e4 e6 2. d4 d5 3. Nc3 Bb4 4. e5 c5 5. Bd2 Bxc3 6. bxc3 Qc7 7. Bd3 c4 8. Bf1 Ne7 9. h4 Bd7 10. Qg4 Nf5 11. Ne2 Ba4 12. Kd1 h5 13. Qg5 Qe7 14. Ng3 Qxg5 15. hxg5 g6 16. Nxf5 exf5 17. f3 Bd7 18. Be2 0-0 19. g4 fxg4 20. fxg4 hxg4 21. Rh4 Kg7 22. Ke1 Rh8 23. Rxh8 Kxh8 24. Kf2 Nc6 25. Bc1 Bf5 26. Ba3 Kg7 27. Rh1 Rh8 28. Rxh8 Kxh8 29. Kg3 Kg7 30. Bxg4 Bxg4 31. Kxg4 a6 32. Bc5 Kg8 33. Kf3 Kg7 34. Kg4 Kg8 35. Kf3 Kg7 36. Kg4 1/2-1/2

[Event "Mittelfranken-chTB2b 1718"]
[Site "Mittelfranken"]
[Date "2018.05.06"]
[Round "9.4"]
[White "Hetterich, Norbert"]
[Black "Platz, Stephan"]
[Result "1/2-1/2"]
[WhiteElo "1804"]
[BlackElo "1864"]
[PlyCount "34"]
[EventDate "2017.10.08"]
[EventType "team-tourn"]
[EventRounds "9"]
[EventCountry "GER"]
[SourceTitle "EXT 2022"]
[Source "ChessBase"]
[SourceDate "2021.10.06"]
[SourceVersion "1"]
[SourceVersionDate "2021.10.06"]
[SourceQuality "1"]
[WhiteTeam "Nuernberg Anderssen"]
[BlackTeam "Heideck/Hilpoltstein"]
[WhiteTeamCountry "GER"]
[BlackTeamCountry "GER"]

1. d4 e6 2. c4 f5 3. Nc3 Nf6 4. g3 c6 5. Bg2 d5 6. Nf3 Be7 7. 0-0 0-0 8. Re1 Qe8 9. a3 Qh5 10. b4 Ne4 11. Nxe4 fxe4 12. Ne5 Nd7 13. Bb2 Nxe5 14. dxe5 Rd8 15. Qd4 Bd7 16. f3 exf3 17. Bxf3 Qg6 1/2-1/2

[Event "Mittelfranken-chTB2b 1718"]
[Site "Mittelfranken"]
[Date "2018.04.08"]
[Round "7.4"]
[White "Werner, Thomas"]
[Black "Platz, Stephan"]
[Result "1/2-1/2"]
[WhiteElo "1899"]
[BlackElo "1864"]
[PlyCount "74"]
[EventDate "2017.10.08"]
[EventType "team-tourn"]
[EventRounds "9"]
[EventCountry "GER"]
[SourceTitle "EXT 2022"]
[Source "ChessBase"]
[SourceDate "2021.10.06"]
[SourceVersion "1"]
[SourceVersionDate "2021.10.06"]
[SourceQuality "1"]
[WhiteTeam "Nuernberg Sued SW III"]
[BlackTeam "Heideck/Hilpoltstein"]
[WhiteTeamCountry "GER"]
[BlackTeamCountry "GER"]

1. d4 f5 2. Bg5 Nf6 3. Bxf6 exf6 4. e3 d5 5. c4 Bb4+ 6. Nc3 0-0 7. Qb3 Bxc3+ 8. bxc3 dxc4 9. Bxc4+ Kh8 10. Ne2 Nc6 11. Bd3 Qe7 12. h4 g6 13. Qc2 Kg7 14. h5 Be6 15. Nf4 Bf7 16. hxg6 hxg6 17. g4 Rh8 18. 0-0-0 g5 19. Nh5+ Bxh5 20. gxh5 Qa3+ 21. Kb1 a5 22. h6+ Rxh6 23. Rxh6 Kxh6 24. Bxf5 Rh8 25. Rh1+ Kg7 26. Rxh8 Kxh8 27. Qb3 Qxb3+ 28. axb3 Ne7 29. Bd7 Kg7 30. Kc2 Kf7 31. Kd3 Nd5 32. Bc8 b6 33. Bb7 Ne7 34. Kc4 Ke6 35. e4 Kd6 36. b4 axb4 37. Kxb4 Ng6 1/2-1/2

[Event "Mittelfranken-chTB2b 1718"]
[Site "Mittelfranken"]
[Date "2018.03.04"]
[Round "6.4"]
[White "Platz, Stephan"]
[Black "Hirn, Erwin"]
[Result "1-0"]
[WhiteElo "1864"]
[BlackElo "1975"]
[PlyCount "95"]
[EventDate "2017.10.08"]
[EventType "team-tourn"]
[EventRounds "9"]
[EventCountry "GER"]
[SourceTitle "EXT 2022"]
[Source "ChessBase"]
[SourceDate "2021.10.06"]
[SourceVersion "1"]
[SourceVersionDate "2021.10.06"]
[SourceQuality "1"]
[WhiteTeam "Heideck/Hilpoltstein"]
[BlackTeam "Neumarkt"]
[WhiteTeamCountry "GER"]
[BlackTeamCountry "GER"]

1. e4 e6 2. d4 b6 3. c4 d5 4. exd5 exd5 5. Nc3 Nf6 6. cxd5 Nxd5 7. Bc4 Be6 8. Qe2 Be7 9. Nf3 0-0 10. Bxd5 Bxd5 11. Nxd5 Qxd5 12. Qxe7 Nc6 13. Qh4 Rae8+ 14. Be3 Re4 15. Qg5 f5 16. h3 Qf7 17. 0-0 h6 18. Qg3 f4 19. Qg4 Qd5 20. Bd2 Nxd4 21. Nxd4 f3 22. Qg3 Qxd4 23. Bc3 Qd7 24. Rad1 Qf7 25. Qxf3 Qxf3 26. gxf3 Rxf3 27. Kg2 Rf7 28. Rd8+ Kh7 29. Rfd1 Ree7 30. R1d3 c5 31. Rf3 Kg6 32. Rdd3 Rxf3 33. Rxf3 Kh7 34. Kf1 g5 35. Re3 Rd7 36. Ke2 h5 37. Bf6 Kg6 38. Re7 Rd5 39. Re5 Rxe5+ 40. Bxe5 a6 41. Bd6 c4 42. Ke3 Kf5 43. Bc7 b5 44. Ba5 Ke5 45. Bc3+ Kf5 46. f3 g4 47. fxg4+ hxg4 48. h4 1-0

[Event "Mittelfranken-chTB2b 1718"]
[Site "Mittelfranken"]
[Date "2018.01.28"]
[Round "4.4"]
[White "Platz, Stephan"]
[Black "Schwab, Edgar"]
[Result "0-1"]
[WhiteElo "1864"]
[BlackElo "1829"]
[PlyCount "42"]
[EventDate "2017.10.08"]
[EventType "team-tourn"]
[EventRounds "9"]
[EventCountry "GER"]
[SourceTitle "EXT 2022"]
[Source "ChessBase"]
[SourceDate "2021.10.06"]
[SourceVersion "1"]
[SourceVersionDate "2021.10.06"]
[SourceQuality "1"]
[WhiteTeam "Heideck/Hilpoltstein"]
[BlackTeam "Forchheim SC III"]
[WhiteTeamCountry "GER"]
[BlackTeamCountry "GER"]

1. d4 d5 2. Nf3 Nf6 3. e3 c6 4. Bd3 Bg4 5. 0-0 e6 6. Nbd2 Nbd7 7. b3 Bb4 8. Bb2 0-0 9. c3 Bd6 10. Qc2 Rc8 11. e4 dxe4 12. Nxe4 Nxe4 13. Bxe4 f5 14. Bd3 Bxf3 15. gxf3 Qh4 16. f4 Qg4+ 17. Kh1 Qf3+ 18. Kg1 Rf6 19. Rfe1 Bxf4 20. Bc1 Rg6+ 21. Kf1 Bxh2 0-1

[Event "Mittelfranken-chT2b 1617"]
[Site "Mittelfranken"]
[Date "2017.02.12"]
[Round "6.3"]
[White "Platz, Stephan"]
[Black "Hirn, Erwin"]
[Result "1/2-1/2"]
[WhiteElo "1864"]
[BlackElo "1967"]
[PlyCount "41"]
[EventDate "2016.10.23"]
[EventType "team-tourn"]
[EventRounds "9"]
[EventCountry "GER"]
[SourceTitle "EXT 2022"]
[Source "ChessBase"]
[SourceDate "2021.10.06"]
[SourceVersion "1"]
[SourceVersionDate "2021.10.06"]
[SourceQuality "1"]
[WhiteTeam "Heideck/Hilpoltstein"]
[BlackTeam "Neumarkt"]
[WhiteTeamCountry "GER"]
[BlackTeamCountry "GER"]

1. d4 d5 2. e4 dxe4 3. Nc3 Nf6 4. Bg5 c6 5. Bxf6 exf6 6. Nxe4 Be6 7. Nf3 Qb6 8. Bd3 Be7 9. 0-0 Nd7 10. Qe2 0-0 11. c4 Rfe8 12. Qc2 Bg4 13. Ned2 Nf8 14. a3 h6 15. b4 Ne6 16. c5 Qd8 17. h3 Bxf3 18. Nxf3 Nxd4 19. Nxd4 Qxd4 20. Rad1 Qf4 21. Bc4 1/2-1/2

[Event "Mittelfranken-chT2b 1617"]
[Site "Mittelfranken"]
[Date "2016.11.27"]
[Round "3.4"]
[White "Platz, Stephan"]
[Black "Loebel, Petra"]
[Result "1/2-1/2"]
[WhiteElo "1864"]
[BlackElo "1806"]
[PlyCount "39"]
[EventDate "2016.10.23"]
[EventType "team-tourn"]
[EventRounds "9"]
[EventCountry "GER"]
[SourceTitle "EXT 2022"]
[Source "ChessBase"]
[SourceDate "2021.10.06"]
[SourceVersion "1"]
[SourceVersionDate "2021.10.06"]
[SourceQuality "1"]
[WhiteTeam "Heideck/Hilpoltstein"]
[BlackTeam "Nuernberg Noris Tarrasch IV"]
[WhiteTeamCountry "GER"]
[BlackTeamCountry "GER"]

1. d4 e6 2. c4 f5 3. g3 Nf6 4. Bg2 c6 5. Nh3 d5 6. 0-0 Bd6 7. Bf4 0-0 8. Nc3 Qe7 9. Bxd6 Qxd6 10. c5 Qe7 11. f4 Bd7 12. Qd3 Ne4 13. Nxe4 fxe4 14. Qc3 Be8 15. e3 Nd7 16. b4 Nf6 17. Rfb1 a6 18. a4 Bh5 19. Qe1 h6 20. Kh1 1/2-1/2

[Event "Mittelfranken-chTB2b 1516"]
[Site "Mittelfranken"]
[Date "2015.11.22"]
[Round "3.7"]
[White "Karataev, Phillip"]
[Black "Platz, Stephan"]
[Result "1-0"]
[WhiteElo "1786"]
[BlackElo "1837"]
[PlyCount "67"]
[EventDate "2015.10.18"]
[EventType "team-tourn"]
[EventRounds "9"]
[EventCountry "GER"]
[SourceTitle "EXT 2020"]
[Source "ChessBase"]
[SourceDate "2019.10.17"]
[SourceVersion "1"]
[SourceVersionDate "2019.10.17"]
[SourceQuality "1"]
[WhiteTeam "Erlangen SC III"]
[BlackTeam "Heideck/Hilpoltstein"]
[WhiteTeamCountry "GER"]
[BlackTeamCountry "GER"]

1. e4 e5 2. Nf3 Nc6 3. Bb5 d6 4. 0-0 Nge7 5. c3 a6 6. Ba4 Bg4 7. d4 b5 8. Bb3 Ng6 9. Bd5 Qd7 10. a4 b4 11. Be3 Rb8 12. Nbd2 bxc3 13. bxc3 Be7 14. Qe2 0-0 15. Qxa6 Rb6 16. Qd3 exd4 17. Nxd4 Nce5 18. Qc2 c5 19. Nb5 Be2 20. Rfe1 Bd3 21. Qa2 Nh4 22. h3 Bxb5 23. axb5 Rxb5 24. Qc2 Rfb8 25. Ra2 g5 26. Qd1 Kh8 27. Kh2 Bf6 28. Qh5 Nd3 29. Rea1 Be5+ 30. g3 f6 31. Ra7 R5b7 32. Rxb7 Rxb7 33. Ra8+ Kg7 34. Rg8# 1-0

[Event "Mittelfranken-chTB2b 1011"]
[Site "Germany"]
[Date "2011.02.13"]
[Round "6.4"]
[White "Fett, Helmut"]
[Black "Platz, Stephan"]
[Result "1-0"]
[WhiteElo "1816"]
[BlackElo "1879"]
[PlyCount "67"]
[EventDate "2010.09.26"]
[EventType "team-tourn"]
[EventRounds "9"]
[EventCountry "GER"]
[SourceTitle "EXT 2012"]
[Source "ChessBase"]
[SourceDate "2011.11.24"]
[SourceVersion "1"]
[SourceVersionDate "2011.11.24"]
[SourceQuality "1"]
[WhiteTeam "Erlangen Siemens"]
[BlackTeam "Heideck/Hilpoltstein"]
[WhiteTeamCountry "GER"]
[BlackTeamCountry "GER"]

1. c4 f5 2. Nc3 Nf6 3. d4 e6 4. e3 Be7 5. Bd3 c5 6. Nf3 0-0 7. 0-0 Qe8 8. d5 Qh5 9. Be2 Ng4 10. h3 Nh6 11. Ne5 Qh4 12. Nf3 Qh5 13. Nb5 Na6 14. b3 g5 15. Bb2 Bf6 16. Bxf6 Rxf6 17. Ne5 Qh4 18. Bf3 Nf7 19. Nxf7 Kxf7 20. dxe6+ dxe6 21. Qd8 e5 22. Nd6+ Rxd6 23. Qxd6 e4 24. Qd5+ Kf6 25. Be2 Rb8 26. Qd8+ Kf7 27. Rfd1 Be6 28. Qd6 Rg8 29. Rd2 Rg6 30. Rad1 g4 31. Qf4 Rh6 32. Bxg4 Ke7 33. Be2 Qxh3 34. gxh3 1-0

[Event "Mittelfranken-chTB2b 0910"]
[Site "Mittelfranken"]
[Date "2010.03.14"]
[Round "8.3"]
[White "Platz, Stephan"]
[Black "Breitenbach, Albert"]
[Result "1-0"]
[WhiteElo "1881"]
[BlackElo "1782"]
[PlyCount "73"]
[EventDate "2009.10.11"]
[EventType "team-tourn"]
[EventRounds "9"]
[EventCountry "GER"]
[SourceTitle "EXT 2011"]
[Source "ChessBase"]
[SourceDate "2010.11.26"]
[SourceVersion "1"]
[SourceVersionDate "2010.11.26"]
[SourceQuality "1"]
[WhiteTeam "Heideck/Hilpoltstein"]
[BlackTeam "Lauf II"]
[WhiteTeamCountry "GER"]
[BlackTeamCountry "GER"]

1. d4 d5 2. e3 Nf6 3. Bd3 g6 4. Nd2 Nbd7 5. f4 e6 6. Nh3 b6 7. 0-0 Bb7 8. Nf2 c5 9. c3 Qc7 10. Qf3 Bg7 11. Re1 0-0 12. Nf1 a6 13. Bd2 b5 14. g4 Qb6 15. Ng3 a5 16. h4 c4 17. Bc2 b4 18. g5 Ne8 19. h5 e5 20. hxg6 fxg6 21. Qg4 exf4 22. exf4 Bc8 23. Qh4 bxc3 24. bxc3 Nb8 25. Rab1 Qd6 26. Kg2 Ra7 27. Rh1 Bh8 28. Ng4 Bxg4 29. Qxg4 Nc6 30. f5 Qd7 31. Qh3 Nd6 32. fxg6 Qxh3+ 33. Rxh3 hxg6 34. Bxg6 Rg7 35. Rbh1 Rxg6 36. Rxh8+ Kf7 37. Rf1+ 1-0

[Event "Mittelfranken-chTB2b 0809"]
[Site "Mittelfranken"]
[Date "2009.02.08"]
[Round "6.3"]
[White "Platz, Stephan"]
[Black "Muenster, Manfred"]
[Result "0-1"]
[WhiteElo "1906"]
[BlackElo "1936"]
[PlyCount "58"]
[EventDate "2008.10.12"]
[EventType "team"]
[EventRounds "9"]
[EventCountry "GER"]
[SourceTitle "EXT 2011"]
[Source "ChessBase"]
[SourceDate "2010.11.26"]
[SourceVersion "1"]
[SourceVersionDate "2010.11.26"]
[SourceQuality "1"]
[WhiteTeam "Heideck/Hilpoltstein"]
[BlackTeam "Heilsbronn"]
[WhiteTeamCountry "GER"]
[BlackTeamCountry "GER"]

1. c4 g6 2. f4 Bg7 3. Nf3 b6 4. e3 Bb7 5. Be2 e6 6. 0-0 Nf6 7. Nc3 0-0 8. Qc2 c5 9. b3 Nc6 10. Bb2 d5 11. cxd5 Nb4 12. Qb1 Nbxd5 13. a3 Rc8 14. Qc2 Qe7 15. Nxd5 exd5 16. Rae1 Rfd8 17. Be5 Ne8 18. Bxg7 Nxg7 19. Qb2 f6 20. Bd3 Qd6 21. g3 a6 22. a4 Ne8 23. e4 c4 24. e5 Qc5+ 25. Kh1 cxd3 26. exf6 d4 27. Re7 Bxf3+ 28. Rxf3 Nxf6 29. Re6 Qd5 0-1

[Event "Mittelfranken-chTB2b 0809"]
[Site "Mittelfranken"]
[Date "2009.01.11"]
[Round "4.3"]
[White "Platz, Stephan"]
[Black "Gebhard, Thomas"]
[Result "0-1"]
[WhiteElo "1906"]
[BlackElo "1910"]
[PlyCount "82"]
[EventDate "2008.10.12"]
[EventType "team"]
[EventRounds "9"]
[EventCountry "GER"]
[SourceTitle "EXT 2011"]
[Source "ChessBase"]
[SourceDate "2010.11.26"]
[SourceVersion "1"]
[SourceVersionDate "2010.11.26"]
[SourceQuality "1"]
[WhiteTeam "Heideck/Hilpoltstein"]
[BlackTeam "Nuernberg Zabo"]
[WhiteTeamCountry "GER"]
[BlackTeamCountry "GER"]

1. d4 d5 2. e4 c6 3. Nc3 dxe4 4. Nxe4 Bf5 5. Ng3 Bg6 6. Nf3 Nd7 7. Bd3 Ngf6 8. 0-0 e6 9. Re1 Be7 10. b3 Bxd3 11. Qxd3 0-0 12. Bb2 Re8 13. c4 Qc7 14. Rad1 Rad8 15. Qb1 b5 16. Qa1 bxc4 17. bxc4 Bf8 18. Ne5 Nxe5 19. dxe5 Nd7 20. Ne4 Qa5 21. Nd6 Bxd6 22. exd6 f6 23. Re3 e5 24. Ra3 Qc5 25. Qb1 Nf8 26. Rh3 Rxd6 27. Rxd6 Qxd6 28. Ba3 c5 29. Rd3 Qc6 30. Qd1 Ne6 31. Rd5 Nf4 32. Bxc5 Nxd5 33. Qxd5+ Qxd5 34. cxd5 Rc8 35. Ba3 Kf7 36. g3 Rc2 37. Bb4 Rxa2 38. d6 Ke6 39. f4 exf4 40. gxf4 a5 41. f5+ Kd7 0-1

[Event "Mittelfrankenliga-B2b 0708"]
[Site "Mittelfranken"]
[Date "2008.04.13"]
[Round "8.3"]
[White "Platz, Stephan"]
[Black "Wendland, Reinhard"]
[Result "1/2-1/2"]
[WhiteElo "1906"]
[BlackElo "1954"]
[PlyCount "51"]
[EventDate "2007.10.14"]
[EventType "team-tourn"]
[EventRounds "9"]
[EventCountry "GER"]
[SourceTitle "EXT 2011"]
[Source "ChessBase"]
[SourceDate "2010.11.26"]
[SourceVersion "1"]
[SourceVersionDate "2010.11.26"]
[SourceQuality "1"]
[WhiteTeam "Heideck/Hilpoltstein"]
[BlackTeam "Rothenburg"]
[WhiteTeamCountry "GER"]
[BlackTeamCountry "GER"]

1. d4 c6 2. e4 d5 3. Nc3 Nf6 4. e5 Nfd7 5. e6 fxe6 6. Bd3 Nf6 7. Nf3 Qd6 8. Ne5 Nbd7 9. f4 b6 10. g4 Ne4 11. Nxe4 dxe4 12. Bxe4 Nxe5 13. fxe5 Qd7 14. Qf3 Bb7 15. Be3 0-0-0 16. 0-0-0 g6 17. Qf7 Ba6 18. b3 Be2 19. Rdg1 Bh6 20. Bxh6 Qxd4 21. Qxe6+ Kb8 22. Bd3 Bxd3 23. cxd3 Qc3+ 24. Kb1 Qxd3+ 25. Kb2 Qd4+ 26. Kb1 1/2-1/2

[Event "Mittelfrankenliga-B2b 0607"]
[Site "Mittelfranken"]
[Date "2006.11.12"]
[Round "2.7"]
[White "Platz, Stephan"]
[Black "Ludwig, Michael"]
[Result "1-0"]
[WhiteElo "1894"]
[BlackElo "1797"]
[PlyCount "39"]
[EventDate "2006.10.22"]
[EventType "team-tourn"]
[EventRounds "9"]
[EventCountry "GER"]
[SourceTitle "EXT 2011"]
[Source "ChessBase"]
[SourceDate "2010.11.26"]
[SourceVersion "1"]
[SourceVersionDate "2010.11.26"]
[SourceQuality "1"]
[WhiteTeam "Heideck/Hilpoltstein"]
[BlackTeam "Buechenbach/Roth"]
[WhiteTeamCountry "GER"]
[BlackTeamCountry "GER"]

1. d4 f5 2. e4 fxe4 3. Nc3 Nf6 4. Bg5 e6 5. Nxe4 Be7 6. Ng3 0-0 7. Bd3 c5 8. Nf3 Nc6 9. c3 cxd4 10. Qc2 h6 11. h4 hxg5 12. hxg5 Nd5 13. Bh7+ Kh8 14. Be4+ Kg8 15. Bxd5 exd5 16. Qh7+ Kf7 17. Qh5+ Ke6 18. Qg6+ Bf6 19. Nf5 Qe8 20. Nxg7+ 1-0

[Event "Mittelfrankenliga-B2b 0506"]
[Site "Germany"]
[Date "2006.04.30"]
[Round "9.3"]
[White "Konsek, Peter"]
[Black "Platz, Stephan"]
[Result "1/2-1/2"]
[WhiteElo "1953"]
[BlackElo "1865"]
[PlyCount "92"]
[EventDate "2005.10.16"]
[EventType "team"]
[EventRounds "9"]
[EventCountry "GER"]
[SourceTitle "EXT 2007"]
[Source "ChessBase"]
[SourceDate "2006.11.23"]
[SourceVersion "1"]
[SourceVersionDate "2006.11.23"]
[SourceQuality "1"]

1. e4 c5 2. Nc3 Nc6 3. g3 Nf6 4. Bg2 d5 5. exd5 Nb4 6. Nge2 Bf5 7. d3 Nbxd5 8. Bg5 Qd7 9. Nf4 Nxf4 10. Bxf4 Bg4 11. Qd2 h6 12. h3 Bf5 13. g4 Bh7 14. 0-0-0 e6 15. d4 0-0-0 16. Qe2 Bd6 17. Bxd6 Qxd6 18. Qf3 Nd5 19. Nxd5 exd5 20. Qc3 c4 21. Rhe1 f6 22. Qd2 Rd7 23. f4 Rhd8 24. f5 Bg8 25. Re3 b5 26. Rde1 Bf7 27. R1e2 Qb6 28. c3 a5 29. a3 Rb7 30. Re7 Rdd7 31. Qe1 Qd6 32. Rxd7 Rxd7 33. Re3 Kd8 34. Qg3 Qxg3 35. Rxg3 Re7 36. Kd2 Kc7 37. h4 Kd6 38. Re3 Rb7 39. Kc2 b4 40. cxb4 axb4 41. axb4 Rxb4 42. Ra3 Rb7 43. Bf3 Be8 44. Ra8 Re7 45. Kd2 Bc6 46. Rd8+ Bd7 1/2-1/2

[Event "Mittelfrankenliga-B2b 0506"]
[Site "Germany"]
[Date "2006.04.02"]
[Round "8.3"]
[White "Bous, Florian"]
[Black "Platz, Stephan"]
[Result "1-0"]
[WhiteElo "1943"]
[BlackElo "1865"]
[PlyCount "55"]
[EventDate "2005.10.16"]
[EventType "team"]
[EventRounds "9"]
[EventCountry "GER"]
[SourceTitle "EXT 2007"]
[Source "ChessBase"]
[SourceDate "2006.11.23"]
[SourceVersion "1"]
[SourceVersionDate "2006.11.23"]
[SourceQuality "1"]

1. d4 e6 2. Nf3 f5 3. g3 Nf6 4. Bg2 Be7 5. 0-0 0-0 6. c4 d5 7. Nc3 c6 8. b3 Qe8 9. Bb2 Qh5 10. Ne5 Nbd7 11. Nd3 g5 12. f3 Ne8 13. e4 Bf6 14. e5 Bg7 15. cxd5 cxd5 16. f4 Qxd1 17. Rfxd1 gxf4 18. Nxf4 Nb6 19. a4 a5 20. Ba3 Rf7 21. Bc5 Nd7 22. Nxe6 Bxe5 23. dxe5 Nxc5 24. Nxc5 Rc7 25. Rxd5 b6 26. Nb5 bxc5 27. Nxc7 Nxc7 28. Rd8+ 1-0

[Event "Mittelfrankenliga-B2b 0506"]
[Site "Germany"]
[Date "2006.03.19"]
[Round "7.3"]
[White "Platz, Stephan"]
[Black "Kiefer, Johannes"]
[Result "1-0"]
[WhiteElo "1865"]
[BlackElo "1729"]
[PlyCount "85"]
[EventDate "2005.10.16"]
[EventType "team"]
[EventRounds "9"]
[EventCountry "GER"]
[SourceTitle "EXT 2007"]
[Source "ChessBase"]
[SourceDate "2006.11.23"]
[SourceVersion "1"]
[SourceVersionDate "2006.11.23"]
[SourceQuality "1"]

1. d4 d5 2. e4 dxe4 3. Nc3 Nf6 4. Bg5 Nbd7 5. Qe2 c6 6. 0-0-0 Qa5 7. Bxf6 Nxf6 8. h3 Nd5 9. Nxe4 e6 10. Kb1 Be7 11. Nf3 b5 12. Ne5 Qc7 13. h4 a5 14. Qh5 Bf6 15. Nxf7 g6 16. Nfd6+ Ke7 17. Nxc8+ Raxc8 18. Qh6 Rcg8 19. Nxf6 Nxf6 20. Be2 b4 21. Bf3 a4 22. Rhe1 Kf7 23. Qe3 Re8 24. Qe5 Qb7 25. Re3 Re7 26. Rde1 Rd8 27. Bxc6 Qxc6 28. Rf3 Rc8 29. Qxf6+ Ke8 30. c3 a3 31. Rfe3 b3 32. axb3 Kd7 33. d5 Qxd5 34. Qd4 Qxd4 35. cxd4 axb2 36. Kxb2 Rf8 37. f3 Kd6 38. Re5 Rf4 39. d5 Rd4 40. Rxe6+ Rxe6 41. dxe6 Ke7 42. h5 Rd2+ 43. Kc3 1-0

[Event "Mittelfrankenliga-B2b 0506"]
[Site "Germany"]
[Date "2006.01.15"]
[Round "4.3"]
[White "Muenster, Manfred"]
[Black "Platz, Stephan"]
[Result "1/2-1/2"]
[WhiteElo "1923"]
[BlackElo "1865"]
[PlyCount "86"]
[EventDate "2005.10.16"]
[EventType "team"]
[EventRounds "9"]
[EventCountry "GER"]
[SourceTitle "EXT 2007"]
[Source "ChessBase"]
[SourceDate "2006.11.23"]
[SourceVersion "1"]
[SourceVersionDate "2006.11.23"]
[SourceQuality "1"]

1. e4 d6 2. d4 Nf6 3. Nc3 g6 4. f4 Bg7 5. Nf3 0-0 6. Be2 c6 7. 0-0 Nbd7 8. e5 Ne8 9. Ne4 Qc7 10. Neg5 Nb6 11. Bd3 h6 12. Ne4 d5 13. Ng3 e6 14. b3 Nd7 15. Nh4 Qd8 16. Nf3 Qe7 17. a4 a5 18. c4 Nc7 19. Ra2 b6 20. Raf2 Bb7 21. Ne1 c5 22. Qg4 cxd4 23. Nc2 dxc4 24. Bxc4 Ba6 25. Ba3 Nc5 26. Nxd4 Bxc4 27. bxc4 Qd7 28. f5 exf5 29. Ndxf5 gxf5 30. Nxf5 N7e6 31. Bxc5 bxc5 32. Nxg7 Qd4 33. Qxd4 Nxd4 34. Nh5 Ra6 35. Rf6 Rxf6 36. Rxf6 Re8 37. Rxh6 Rxe5 38. Ng3 Re1+ 39. Kf2 Rc1 40. Ra6 Nb3 41. Rb6 Nd4 42. Ra6 Nb3 43. Rb6 Nd4 1/2-1/2

[Event "Mittelfranken-chT 0405"]
[Site "Germany"]
[Date "2004.11.07"]
[Round "2.3"]
[White "Platz, Stephan"]
[Black "Greul, Hans"]
[Result "0-1"]
[WhiteElo "1850"]
[BlackElo "1991"]
[PlyCount "72"]
[EventDate "2004.10.17"]
[EventType "team"]
[EventRounds "9"]
[EventCountry "GER"]
[SourceTitle "EXT 2007"]
[Source "ChessBase"]
[SourceDate "2006.11.23"]
[SourceVersion "1"]
[SourceVersionDate "2006.11.23"]
[SourceQuality "1"]

1. d4 e6 2. e4 d5 3. exd5 exd5 4. Bd3 Bd6 5. Nf3 Nf6 6. 0-0 0-0 7. Nc3 Bg4 8. Ne2 Bxf3 9. gxf3 Nh5 10. Ng3 Qh4 11. c3 Nd7 12. Qc2 Nf4 13. Bxf4 Bxf4 14. Kg2 Nf6 15. Rh1 g6 16. Rae1 Rae8 17. Qa4 Rxe1 18. Rxe1 Nh5 19. Re8 Bd6 20. Bf1 Nf4+ 21. Kg1 a6 22. Rxf8+ Kxf8 23. Qd7 h5 24. c4 dxc4 25. Bxc4 Nh3+ 26. Kg2 Ng5 27. Bf1 Qf4 28. Qc8+ Kg7 29. Qxb7 h4 30. Qd5 Nxf3 31. Bc4 Nxd4 32. Nf1 c6 33. Qa5 Qg4+ 34. Kh1 Nf3 35. Qc3+ Be5 36. Ne3 Qg1# 0-1